Zásady návrhu zákona o Slovenskej živnostenskej komore. 1

Zásady zákona NR SR o Slovenskej živnostenskej komore (SŽK) a o zmene a doplnení živnostenského zákona. Krajské zložky komory. Členstvo v komore. Pôsobnosť komory. Orgány komory a jej vnútorné členenie. Evidencia členov komory.

Gespeichert in:
Bibliographische Detailangaben
1. Verfasser: Melicher, J.
Format: Buchkapitel
Sprache:Slowakisch
Schlagworte:
Tags: Tag hinzufügen
Keine Tags, Fügen Sie das erste Tag hinzu!

MARC

LEADER 00000naa a2200000 4500
001 r022110
005 20230801110140.9
041 0 |a slo 
044 |a SK 
245 1 0 |a Zásady návrhu zákona o Slovenskej živnostenskej komore. 1  |c J. Melicher 
520 |a Zásady zákona NR SR o Slovenskej živnostenskej komore (SŽK) a o zmene a doplnení živnostenského zákona. Krajské zložky komory. Členstvo v komore. Pôsobnosť komory. Orgány komory a jej vnútorné členenie. Evidencia členov komory. 
610 2 0 |a Slovensko 
610 2 0 |a 1996 
610 2 0 |a zákony 
610 2 0 |a Slovenská živnostenská komora Žilina 
610 2 0 |a komory hospodárske 
610 2 0 |a živnosti 
100 1 |a Melicher, J.